00289nam a2200121Ia 4500008004100000041001200041082001100053100001500064245004900079260002400128300000800152650000700160221030s9999 xx 000 0 und d aEnglish a105.23 aE. Minsker 0aAssembly of Power Tranformerscby E. Minsker bMIR Pub.aMoscowc0 a283 aEE